00455 2200181 4500001002100000005001500021008004100036020002200077035001900099041000700118082001100125090001700136100002200153245001800175260003100193300003400224650001500258INLIS00000000000199720241224112444241224||||||||| | ||| |||| || |  a978-602-8337-92-2 0010-1224001997 aid0 a551.21 a551.21 RAK g0 aRakhmat Margajaya00aGunung Berapi aBandungbArfino Rayac2009 aviii, 52 hlm. : ilus. ; 21 cm 0aIlmu Murni